| 000 | 02109nam0a2200385 4500 | ||
|---|---|---|---|
| 001 | RU\NLR\BIBL_A\022681964 | ||
| 005 | 20260514130435.0 | ||
| 010 |
_a978-5-6052950-1-3 _92000 |
||
| 021 |
_aRU _bКН-П-25-066054 _9КН-П-25-6395 |
||
| 035 | _a(NLR Aleph) 022681964 | ||
| 090 |
_a13700522 _c13700522 |
||
| 100 | _a20251208d2025 k y0rusy50 ca | ||
| 101 | 0 | _arus | |
| 102 | _aRU | ||
| 105 | _aac z 000zy | ||
| 181 | 0 |
_ai3 _b xxe |
|
| 181 | 0 |
_ab1 _b b2e |
|
| 182 | 0 | _an | |
| 200 | 1 |
_aПолитософия _e[человек, власть, свобода] _fГеннадий Бурбулис _gавтор предисловия к первому изданию: В. А. лекторский _gавтор предисловия к третьему изданию А. С. Марков _gсоставитель: О. Г. Свиридова |
|
| 203 |
_aТекст _aИзображение _bвизуальные _cнепосредственные |
||
| 205 | _a3-е изд., испр. и доп. | ||
| 210 |
_aМосква _cФонд "Культура Достоинства" Геннадия Бурбулиса _d2025 |
||
| 215 |
_a447 с., [24] л. цв. ил., портр. _cпортр. _d23 |
||
| 300 | _aВ предисл. на 3-й с.: К 80-летию со дня рождения автора | ||
| 320 | _aБиблиогр. в подстроч. примеч. | ||
| 327 | 1 | _aВ прил.: архив. фот., док. в хронике, интервью, выступления | |
| 606 | 1 |
_aОбщественная мысль _yРоссийская Федерация _92086362 _3RU\NLR\AUTH\661262495 |
|
| 686 | 1 | _aТ3(2)74-72 | |
| 700 | 1 |
_aБурбулис _bГ. Э. _f1945-2022 _gГеннадий Эдуардович |
|
| 702 | 1 |
_4080 _7ca _8rus _aМарков _bА. С. _cобществ. деятель _f1986- _gАндрей Сергеевич _9243496 _3RU\NLR\AUTH\770243552 |
|
| 702 | 1 |
_aСвиридова _bО. Г. _gОльга Георгиевна _4220 |
|
| 942 | _cBOOK | ||
| 980 | _aNB | ||